Sống mòn tác phẩm và dư luận Tác phẩm và dư luận

Bewaard in:
Bibliografische gegevens
Hoofdauteur: NAM CAO
Formaat: Boek
Taal:Undetermined
Gepubliceerd in: Hà Nội Văn Học 2001
Onderwerpen:
Tags: Voeg label toe
Geen labels, Wees de eerste die dit record labelt!
Thư viện lưu trữ: Trung tâm Học liệu Trường Đại học Cần Thơ
LEADER 00529nam a2200181Ia 4500
001 CTU_46592
008 210402s9999 xx 000 0 und d
082 |a 895.922331 
082 |b N105s/2001 
100 |a NAM CAO 
245 0 |a Sống mòn tác phẩm và dư luận 
245 0 |b Tác phẩm và dư luận 
245 0 |c NAM CAO 
260 |a Hà Nội 
260 |b Văn Học 
260 |c 2001 
650 |a vietnamese fiction - 20th century 
980 |a Trung tâm Học liệu Trường Đại học Cần Thơ